Word Ladder: Science Units Quiz Stats

Quiz Updated Mar 29, 2016

Challenge
Share
Tweet
Embed
Score 0/16 Timer 02:00
6 Plays Today
Hint 3-Letter Word % Correct
Hill-dwelling insectANT
95.9%
'Like a Picasso or a Garfunkel'ART
95.6%
Present plural of 'be'ARE
94.3%
Valuable mineralORE
94%
Explosive abbreviationTNT
92.7%
Young childTOT
90.9%
AlsoTOO
90.1%
AngryMAD
89.7%
Hint 3-Letter Word % Correct
To make a mistakeERR
88.9%
NHL legend BobbyORR
87.4%
To seek romantic favorWOO
85.1%
Former Chinese leaderMAO
81.3%
Person on first?WHO
76.8%
• Former unit of conductance •• MHO •
65.2%
• A little bit of work •• ERG •
48.7%
• Degree alternative, for short •• RAD •
27.4%

Today's Daily Dose

Quick Pick
Overwatch Maps

On This Day
May 26th II

You're not logged in!

Compare scores with friends on all Sporcle quizzes.
Join for Free
OR
Log In

You Might Also Like...

Show Comments

Extras

Top Quizzes Today


Score Distribution

Your Account Isn't Verified!

In order to create a playlist on Sporcle, you need to verify the email address you used during registration. Go to your Sporcle Settings to finish the process.

Report this User

Report this user for behavior that violates our Community Guidelines.

Details: